| 000 | 00000nam##2200000za#4500 |
| 001 | 9.691227 |
| 003 | CaOODSP |
| 005 | 20241203113636 |
| 007 | cr ||||||||||| |
| 008 | 150407|2008||||xxc|||||o f|0| 0 eng|d |
| 020 | |a978-1-100-10242-9 |
| 040 | |aCaOODSP|beng |
| 043 | |an-cn--- |
| 086 | 1 |aEn4-90/2008E-PDF |
| 110 | 1 |aCanada. |bEnvironment Canada. |
| 245 | 10|aAccess to forest genetic resources and benefit sharing : |h[electronic resource]|bpotential opportunities and challenges for governments and forest stakeholders - workshop report |
| 260 | |aOttawa - Ontario : |bEnvironment Canada |cc2008. |
| 300 | |a26p. |
| 500 | |a"Workshop sponsored by: the Government of Canada and the Government of New Brunswick, February 2006." The catalogue number (En4-90/2008) and ISBN (978-0-662-05864-9) for the bilingual print edition have been incorrectly copied in this electronic publication. |
| 590 | |a12-24-Supp|b2012-05-30 |
| 690 | 07|aForests|2gcpds |
| 690 | 07|aGenetics|2gcpds |
| 775 | 08|tAccès aux ressources génétiques forestières et partage des avantages : |w(CaOODSP)9.635561 |
| 856 | 40|ahttp://publications.gc.ca|qPDF|s2.62 MB|uhttps://publications.gc.ca/collections/collection_2012/ec/En4-90-2008-eng.pdf |